00227 a2200109 4500001000700000020000600007040001100013100002900024240003000053245002500083362000900108177141 a  cMagnum aCardoso, Leonardo Mendes10aOs ouvidos de bolotalpor10aOs ouvidos de bolota0 a1899